[Event "New Delhi Parsvnath blitz op 18th"]
[Site "New Delhi"]
[Date "2020.01.14"]
[Round "4"]
[White "Aakash, G2222"]
[Black "Sanchit, Anand"]
[Result "1-0"]
[WhiteElo "1514"]
[BlackElo "1836"]
[PlyCount "107"]
[EventDate "2020.01.14"]
[EventType "swiss (blitz)"]
[EventRounds "9"]
[EventCountry "IND"]
[SourceTitle "CBM 194 Extra"]
[Source "ChessBase"]
[SourceDate "2020.03.31"]
[SourceVersion "1"]
[SourceVersionDate "2020.03.31"]
[SourceQuality "1"]

1. d4 Nf6 2. c4 e6 3. Nc3 d5 4. cxd5 exd5 5. Bg5 Be7 6. e3 0-0 7. Bd3 h6 8. Bh4 c6 9. Nge2 Re8 10. Qc2 Ne4 11. Bxe7 Qxe7 12. 0-0 Nd7 13. Rae1 Ndf6 14. f3 Nxc3 15. Nxc3 Qd6 16. Kh1 Bd7 17. Qf2 c5 18. dxc5 Qxc5 19. Qd2 Rad8 20. Re2 b5 21. a3 a5 22. Rc1 Qb6 23. Na2 Be6 24. b4 Ra8 25. Nc3 Bd7 26. Bb1 axb4 27. axb4 Be6 28. Qd3 Reb8 29. Rd2 Rc8 30. Rdc2 Rc4 31. Na2 Rac8 32. Rc3 Qa7 33. R1c2 R8c6 34. h3 Qc7 35. Rc1 Qg3 36. Qe2 Nh5 37. Qe1 Qg5 38. f4 Qf6 39. Bd3 Rxc3 40. Rxc3 Rxc3 41. Qxc3 Qd8 42. Bxb5 Nf6 43. Bd3 Ne4 44. Qd4 Qa8 45. Nc3 Qa1+ 46. Nb1 Qa2 47. Bxe4 dxe4 48. Nc3 Qa1+ 49. Kh2 f5 50. b5 Qb2 51. b6 Kh7 52. Qe5 Bc8 53. Nd5 Bb7 54. Qxb2 1-0

[Event "New Delhi Parsvnath op-A 18th"]
[Site "New Delhi"]
[Date "2020.01.11"]
[Round "4"]
[White "Sanchit, Anand"]
[Black "Nguyen, Van Huy"]
[Result "0-1"]
[WhiteElo "1836"]
[BlackElo "2463"]
[PlyCount "134"]
[EventDate "2020.01.09"]
[EventType "swiss"]
[EventRounds "10"]
[EventCountry "IND"]
[SourceTitle "CBM 194 Extra"]
[Source "ChessBase"]
[SourceDate "2020.03.31"]
[SourceVersion "1"]
[SourceVersionDate "2020.03.31"]
[SourceQuality "1"]

1. e4 c6 2. Nc3 d5 3. d4 dxe4 4. Nxe4 Bf5 5. Ng3 Bg6 6. Nf3 e6 7. h4 h6 8. h5 Bh7 9. Bd3 Bxd3 10. Qxd3 Nf6 11. Bd2 c5 12. 0-0-0 Nc6 13. Bc3 Qd5 14. dxc5 Qxd3 15. Rxd3 Bxc5 16. Bxf6 gxf6 17. Ne4 Be7 18. Nd6+ Bxd6 19. Rxd6 Rg8 20. g3 Rc8 21. Rhd1 Rc7 22. Kb1 Ke7 23. R6d2 f5 24. c3 Rg4 25. Nd4 Nxd4 26. Rxd4 Rg5 27. Rh4 Rg4 28. Rd4 Rxh4 29. Rxh4 e5 30. Kc2 Kf6 31. Kd2 e4 32. Ke2 Rd7 33. f3 exf3+ 34. Kxf3 Rd3+ 35. Kg2 Rd2+ 36. Kf3 Rxb2 37. a4 Kg5 38. Rc4 Kxh5 39. Rc7 Kg6 40. a5 a6 41. c4 f6 42. Rd7 Rb3+ 43. Kf4 Rb4 44. Rc7 Ra4 45. Kf3 Ra3+ 46. Kg2 Rb3 47. Rd7 h5 48. Rc7 f4 49. gxf4 Kf5 50. Rf7 Rb4 51. Kg3 Rxc4 52. Rxb7 h4+ 53. Kh3 Ra4 54. Rb6 Rxa5 55. Kxh4 Ra3 56. Rc6 a5 57. Ra6 a4 58. Rc6 Rf3 59. Ra6 Rxf4+ 60. Kg3 Rb4 61. Kf2 Rb2+ 62. Kf3 Ra2 63. Ra5+ Kg6 64. Kf4 a3 65. Kg3 Ra1 66. Ra8 a2 67. Kg2 f5 0-1

[Event "Udaipur Lakecity blitz op 1st"]
[Site "Udaipur"]
[Date "2019.09.16"]
[Round "8"]
[White "Sanchit, Anand"]
[Black "Mitrabha, Guha"]
[Result "0-1"]
[WhiteElo "1882"]
[BlackElo "2313"]
[PlyCount "62"]
[EventDate "2019.09.16"]
[EventType "swiss (blitz)"]
[EventRounds "9"]
[EventCountry "IND"]
[SourceTitle "EXT 2020"]
[Source "ChessBase"]
[SourceDate "2019.10.17"]
[SourceVersion "1"]
[SourceVersionDate "2019.10.17"]
[SourceQuality "1"]

1. e4 c6 2. d4 d5 3. exd5 cxd5 4. Bd3 Nc6 5. c3 Qc7 6. h3 Nf6 7. Nf3 g6 8. 0-0 Bg7 9. Re1 0-0 10. Na3 a6 11. Nc2 Bf5 12. Bf1 b5 13. a3 Rab8 14. Bg5 Ne4 15. Bd2 a5 16. Ne3 Be6 17. Ng4 Bc8 18. Bd3 Nd6 19. Nge5 Re8 20. Bf4 f6 21. Nxg6 hxg6 22. Bxg6 Bf5 23. Bxf5 e5 24. dxe5 fxe5 25. Qxd5+ Kh8 26. Bg6 Ne7 27. Qe6 Nxg6 28. Qxg6 exf4 29. Ng5 Kg8 30. Nh7 Qf7 31. Qxf7+ Nxf7 0-1

[Event "Udaipur Lakecity rapid op 1st"]
[Site "Udaipur"]
[Date "2019.09.15"]
[Round "6"]
[White "Eraschenkov, Denis"]
[Black "Sanchit, Anand"]
[Result "1-0"]
[WhiteElo "2390"]
[BlackElo "1882"]
[PlyCount "97"]
[EventDate "2019.09.14"]
[EventType "swiss (rapid)"]
[EventRounds "9"]
[EventCountry "IND"]
[SourceTitle "EXT 2020"]
[Source "ChessBase"]
[SourceDate "2019.10.17"]
[SourceVersion "1"]
[SourceVersionDate "2019.10.17"]
[SourceQuality "1"]

1. e4 e5 2. Nf3 Nc6 3. Bb5 Nf6 4. d3 Bc5 5. c3 0-0 6. Nbd2 d6 7. 0-0 a6 8. Bxc6 bxc6 9. Re1 Bb6 10. Nf1 Nh5 11. d4 Qf6 12. Ne3 Nf4 13. g3 Ng6 14. d5 h5 15. Nf5 cxd5 16. Qxd5 Bxf5 17. exf5 Qxf5 18. Be3 Ne7 19. Qd1 Rab8 20. b3 Qg4 21. Bxb6 Rxb6 22. Qd3 Qf5 23. Qe2 Ng6 24. Rad1 Qg4 25. Qe4 Nf4 26. Nh4 Nh3+ 27. Kg2 Ng5 28. Qxg4 hxg4 29. Nf5 Kh7 30. c4 g6 31. Ne7 Nf3 32. Re3 Nd4 33. Nd5 Rb7 34. c5 Rb5 35. Nxc7 Rxc5 36. Nxa6 Ra5 37. Nb4 Rb8 38. Nd3 Rxa2 39. b4 Nc2 40. Re2 Nxb4 41. Rxa2 Nxa2 42. Ne1 Rd8 43. Nc2 Nc3 44. Rd3 Ne4 45. Ne3 f5 46. Nc4 Rc8 47. Ne3 Rc2 48. Nxc2 Kg7 49. Ne3 1-0

[Event "New Delhi Parsvnath op-B 17th"]
[Site "New Delhi"]
[Date "2019.01.11"]
[Round "8"]
[White "Sham, R."]
[Black "Sanchit, Anand"]
[Result "1-0"]
[WhiteElo "1590"]
[BlackElo "1815"]
[PlyCount "74"]
[EventDate "2019.01.09"]
[EventType "swiss"]
[EventRounds "10"]
[EventCountry "IND"]
[SourceTitle "CBM 189 Extra"]
[Source "ChessBase"]
[SourceDate "2019.06.03"]
[SourceVersion "1"]
[SourceVersionDate "2019.06.03"]
[SourceQuality "1"]

1. e4 e5 2. f4 d5 3. exd5 exf4 4. Nf3 Nf6 5. c4 c6 6. d4 cxd5 7. c5 Be7 8. Bb5+ Bd7 9. Bxd7+ Nbxd7 10. 0-0 0-0 11. Bxf4 a5 12. Nc3 Qc8 13. Re1 Re8 14. Nb5 Bd8 15. Rxe8+ Nxe8 16. Qe2 Nef6 17. Ng5 Qc6 18. Nd6 Bc7 19. Ngxf7 Ne4 20. Nh6+ Kf8 21. Qg4 Ndf6 22. Qe6 Qd7 23. Qxd7 Nxd7 24. Rf1 gxh6 25. Nxe4 dxe4 26. Bxc7+ Kg7 27. Rf4 Re8 28. Bxa5 Nf6 29. Bc7 Nd5 30. Rg4+ Kf6 31. Be5+ Kf5 32. Rg7 e3 33. Kf1 Ke4 34. Ke2 h5 35. Rf7 Rg8 36. g3 Ra8 37. a3 Ra4 1-0